| 000 | 00926nam a22002295i 4500 | ||
|---|---|---|---|
| 001 | 162446 | ||
| 003 | ES-MaACL | ||
| 005 | 20250717103727.0 | ||
| 008 | 041110e1856 sp |||| | spa d | ||
| 040 |
_aCAM _bspa _cCAM |
||
| 080 | _a087.5:27-236.5 | ||
| 100 | 1 |
_aPonz, Carlos _eaut _9131277 |
|
| 245 | 1 | 0 |
_aHistoria sagrada y principios de moral al alcance de los niños de las escuelas de instrucción primaria / _cpor Carlos Ponz. |
| 250 | _a1ª ed. | ||
| 260 |
_aTarragona : _b[s.n.], _c1856 _f(Imp. de José Antonio Nel-lo) |
||
| 300 |
_a102 páginas ; _c15 cm. |
||
| 650 | 7 |
_aHistoria sagrada _2embne _913427 |
|
| 852 |
_aES-MaACL _cDEPOF _eEjemplar falto de cub. original _gDedicatoria ms. del autor a Laureano Figuerola, diputado a Cortes _hDonativo Bosch _jT-1296-F-3 _xHolandesa _xEnc. en un vol. facticio |
||
| 942 |
_2udc _cFOLLETOS _n0 |
||
| 999 |
_c162446 _d162446 |
||